| 000 | 00570nam a2200205Ia 4500 | ||
|---|---|---|---|
| 001 | b4446-28461 [5660] | ||
| 003 | IT-MiCISF | ||
| 008 | 161014s9999||||xx |||||||||||||| ||und|| | ||
| 040 |
_aIT-MiCISF _cIT-MiCISF |
||
| 041 | _ait | ||
| 100 | _aLeccardi Carmen | ||
| 245 | 0 | _aFuturo breve. Le giovani donne e il futuro | |
| 250 | _a1a ed. | ||
| 260 |
_a Torino _bRosenberg & Sellier _c1996 |
||
| 300 | _app. 213 | ||
| 500 | _a / donna, giovani, ideali, lavoro, famiglia, formazione-personalità / | ||
| 650 | _adonna | ||
| 942 | _cBK | ||
| 957 | _71 | ||
| 999 |
_a28461 _bsi _g1 _c212816 _d212816 |
||